| 000 | 00562nam a22001577a 4500 | ||
|---|---|---|---|
| 999 |
_c130181 _d130181 |
||
| 008 | 200122b ||||| |||| 00| 0 eng d | ||
| 020 | _a9781442218475 | ||
| 050 | _aQA276.45.R3 R39 2012 | ||
| 100 |
_aRaykov, Tenko _949041 |
||
| 245 |
_aBasic statistics _ban introduction with R _cTenko Raykov and George A. Marcoulides |
||
| 260 |
_aLanham _bRowman and Littlefield Publishers _c2012 |
||
| 300 |
_axii, 330p. ; _c26cm. |
||
| 650 |
_aMathematical statistics _xData processing _949042 |
||
| 650 |
_aR (Computer program language) _949043 |
||
| 942 |
_2lcc _cMONOGRAPH |
||